Manual de diseño estructural CINTAC
Uloženo v:
| Médium: | Kniha |
|---|---|
| Jazyk: | španělština |
| Vydáno: |
Santiago
CINTAC
1993
|
| Témata: | |
| Tagy: |
Přidat tag
Žádné tagy, Buďte první, kdo vytvoří štítek k tomuto záznamu!
|
MARC
| LEADER | 00000nam a2200000 a 4500 | ||
|---|---|---|---|
| 001 | UCW2253 | ||
| 003 | CL-VaPUC | ||
| 008 | 930823e19930000CL |||||||||||||||||spa|d | ||
| 082 | 0 | 4 | |a 624.1821 |b MAN |2 21 |
| 245 | 1 | 0 | |a Manual de diseño estructural CINTAC |
| 300 | |a 596 p | ||
| 942 | |c BK | ||
| 945 | |d 19930823 00:00:00 |a mfernand | ||
| 260 | |a Santiago |b CINTAC |c 1993 | ||
| 650 | 0 | |a Acero estructural |9 306233 | |
| 650 | 0 | |a Manuales |9 257144 | |
| 583 | |a last modification |c 19930823 00:00:00 |k Rodrigo Vera | ||
| 999 | |c 216842 |d 216840 | ||
| 952 | |0 0 |1 0 |4 0 |6 624_182100000000000_MAN_1993 |7 0 |8 A |9 203183 |a BIBMEC |b BIBMEC |d 2019-11-15 |i 2963817 |o 624.1821 MAN 1993 |p 2963817 |r 2024-01-19 |w 2019-11-15 |y BK |k MEC | ||
| 952 | |0 0 |1 0 |4 0 |6 624_182100000000000_MAN_1993 |7 0 |8 A |9 203184 |a BIBMEC |b BIBMEC |d 2019-11-15 |i 296385K |o 624.1821 MAN 1993 |p 296385K |r 2024-01-19 |w 2019-11-15 |y BK |k MEC | ||
| 952 | |0 0 |1 0 |4 0 |6 624_182100000000000_MAN_1993 |7 0 |8 A |9 203188 |a BIBMEC |b BIBMEC |d 2019-11-15 |i 2963981 |o 624.1821 MAN 1993 |p 2963981 |r 2024-01-19 |w 2019-11-15 |y BK |k MEC | ||
| 952 | |0 0 |1 0 |2 ddc |4 0 |6 624_182100000000000_MAN_1993 |7 0 |8 CCM |9 203191 |a BIBCUR |b BIBCUR |c PAC |d 2019-11-15 |i 2964058 |o 624.1821 MAN 1993 |p 2964058 |r 2025-04-22 |w 2019-11-15 |y BK |k CIM | ||
| 952 | |0 0 |1 0 |4 0 |6 624_182100000000000_MAN_1993 |7 0 |8 F |9 203192 |a BIBING |b BIBING |d 2019-11-15 |i 315498K |o 624.1821 MAN 1993 |p 315498K |r 2025-01-20 |w 2019-11-15 |y BK_F |k CCL | ||
| 952 | |0 0 |1 0 |4 0 |6 624_182100000000000_MAN_1993 |7 0 |8 F |9 203193 |a BIBING |b BIBING |d 2019-11-15 |i 3154971 |o 624.1821 MAN 1993 |p 3154971 |r 2025-01-20 |w 2019-11-15 |y BK_F |k CCL | ||